Llei 5/2002, de 19 d'abril, de l'Agència Catalana de Protecció de Dades / presentació i edició a cura del lletrat Pere Sol i Ordis
Descripción Física:
27 p. ; 21 cm
Colección:
Textos legislatius ; 26
Otros Autores:
Sol i Ordis, Pere
Materias:
Agència Catalana de Protecció de Dades
MARC
| LEADER | 00000nam a2200000Ia 4500 | ||
|---|---|---|---|
| 001 | 15933 | ||
| 008 | 160829s2003 xx 000 0 cat d | ||
| 080 | |a FU-40-73 | ||
| 100 | |a Catalunya. Llei de l'Agència Catalana de Protecció de Dades (2002) |9 38447 | ||
| 245 | |a Llei 5/2002, de 19 d'abril, de l'Agència Catalana de Protecció de Dades / presentació i edició a cura del lletrat Pere Sol i Ordis | ||
| 260 | |a Barcelona : |b Parlament de Catalunya, |c 2003 | ||
| 300 | |a 27 p. ; |c 21 cm | ||
| 490 | |a Textos legislatius ; 26 | ||
| 590 | |a Índex. | ||
| 590 | |a A la coberta: Llei de l'Agència Catalana de Protecció de Dades | ||
| 610 | 2 | 0 | |a Agència Catalana de Protecció de Dades |9 53010 |
| 700 | 1 | |a Sol i Ordis, Pere |9 38449 | |
| 901 | |a Arxiu | ||
| 942 | |n 1 | ||
| 952 | |0 0 |1 0 |4 0 |6 FU4073 |7 1 |9 48430 |a Arxiu |b Arxiu |d 2016-12-01 |l 0 |o FU-40-73 |p 15933 |r 2016-12-01 00:00:00 |w 2016-12-01 |y ARXIU | ||
| 999 | |c 52259 |d 52259 | ||